Normal view
MARC view
Entry Personal Name
001 - CONTROL NUMBER
- control field: 50134
003 - CONTROL NUMBER IDENTIFIER
- control field: ARRUPE
005 - DATE AND TIME OF LATEST TRANSACTION
- control field: 20201030105500.0
008 - FIXED-LENGTH DATA ELEMENTS
- fixed length control field: 201030|| aca||aabn | a|a d
040 ## - CATALOGING SOURCE
- Original cataloging agency: ARRUPE
- Transcribing agency: ARRUPE
100 ## - HEADING--PERSONAL NAME
- Personal name: Hirschowitz, Sindey
670 ## - SOURCE DATA FOUND
- Source citation: Work cat.: (ARRUPE): Hirschowitz, Sindey, Gynaecologic rapid revision, 1986.